| 000 | 00484nam a2200181Ia 4500 | ||
|---|---|---|---|
| 005 | 20250425162837.0 | ||
| 008 | 250425s9999 xx 000 0 und d | ||
| 020 | _a9782940411214 | ||
| 082 |
_a791.43 _pMAH |
||
| 100 | _aMahon, Nik | ||
| 245 | 0 |
_aArt direction _cNik Mahon |
|
| 260 |
_aSingapore _bAn AVA Book _c2010 |
||
| 300 |
_a183 páginas _blustraciones _c24.5 cm. |
||
| 504 | _aIncluye bibliografĂa y glosario | ||
| 650 | _aArt direction | ||
| 942 | _c01 | ||
| 010 | _a112483 | ||
| 999 |
_c237585 _d237585 |
||